U.S. States By Population With A Twist - Statistics

General Stats
  • This quiz has been taken 812 times
  • The average score is 26 of 50
Answer Stats
Population State Biggest City % Correct
29,640,622 California Stockton
95%
20,289,052 Texas Irving
92%
10,150,489 New York Utica
90%
18,194,692 Florida Pembroke Pines
87%
9,331,943 Ohio Youngstown
81%
4,917,044 Indiana Gary
79%
10,467,167 Pennsylvania York
77%
7,546,644 North Carolina Asheville
76%
2,948,165 Arizona Yuma
71%
8,917,057 Illinois Cicero
70%
5,619,154 Washington Yakima
67%
300,594 Wyoming Cody
67%
8,980,296 Georgia Warner Robins
64%
7,899,622 New Jersey East Orange
63%
6,538,453 Virginia Suffolk
63%
2,243,027 Iowa Dubuque
61%
8,350,868 Michigan Farmington Hills
61%
291,196 Alaska Kalifornsky
60%
760,428 Hawaii Kihei
58%
2,165,494 Arkansas Hot Springs
57%
4,300,177 South Carolina Spartanburg
56%
3,263,919 Colorado Centennial
51%
907,839 Nebraska North Platte
51%
503,624 Vermont St. Albans
47%
5,254,294 Massachusetts Lawrence
46%
326,507 North Dakota Devils Lake
46%
1,012,790 New Mexico Gallup
45%
1,070,317 Maine Brunswick
42%
473,302 South Dakota Box Elder
42%
1,020,124 Idaho Lewiston
41%
659,499 Montana Miles City
41%
2,162,584 Utah Lehi
41%
4,283,853 Minnesota Lakeville
40%
3,766,611 Alabama Florence
39%
4,613,922 Tennessee Bartlett
39%
1,597,958 Kansas Hutchinson
38%
3,287,254 Louisiana Houma
38%
4,868,438 Maryland Dundalk
38%
4,412,805 Wisconsin West Allis
38%
4,532,861 Missouri St. Peters
37%
734,454 Delaware Milford
36%
2,607,601 Oregon Albany
36%
3,210,466 Kentucky Nicholasville
35%
496,203 Rhode Island Valley Falls
35%
2,575,568 Connecticut Meriden
34%
962,274 New Hampshire Claremont
32%
617,041 Nevada Whitney
31%
2,217,954 Oklahoma Owasso
31%
2,404,648 Mississippi Madison
28%
1,521,396 West Virginia Teays Valley
26%
No matching quizzes found
Score Distribution
Percent of People with Each Score
Percentile by Number Answered
Your Score History
You have not taken this quiz